000 00708cam a2200205 i 4500
020 _a9780310357643
020 _a9780310357667
041 _aENG
082 0 0 _a233
_bTHA
100 1 _aThacker, Jason,
245 1 4 _aThe age of AI :
260 _bZondervan
_c2020
300 _a192 pages ;
520 _a"In The Age of AI, researcher Jason Thacker explores how the prevalence of artificial intelligence shapes what it means to be human today - and how the fact that we are made in the image of God transforms everything about how we use it"--
650 0 _aTheological anthropology
650 0 _aImage of God.
650 0 _aArtificial intelligence.
650 0 _aReligion and science.
942 _cBK
999 _c23583
_d23583